| 000 | 01386nam a22003494a 4500 | ||
|---|---|---|---|
| 001 | ebr10047798 | ||
| 003 | CaPaEBR | ||
| 006 | m u | ||
| 007 | cr cn||||||||| | ||
| 008 | 020422s2002 nyua sb 001 0 eng | ||
| 010 | _z 2002067015 | ||
| 020 | _z0387954910 (alk. paper) | ||
| 040 |
_aCaPaEBR _cCaPaEBR |
||
| 035 | _a(OCoLC)559306613 | ||
| 050 | 1 | 4 |
_aTS155.8 _b.Y36 2002eb |
| 082 | 0 | 4 |
_a658.5 _221 |
| 100 | 1 |
_aYao, David D., _d1950- |
|
| 245 | 1 | 0 |
_aDynamic control of quality in production-inventory systems _h[electronic resource] : _bcoordination and optimization / _cDavid D. Yao, Shaohui Zheng. |
| 260 |
_aNew York : _bSpringer, _c2002. |
||
| 300 |
_aix, 218 p. : _bill. |
||
| 490 | 1 | _aSpringer series in operations research | |
| 504 | _aIncludes bibliographical references (p. [207]-215) and index. | ||
| 533 |
_aElectronic reproduction. _bPalo Alto, Calif. : _cebrary, _d2013. _nAvailable via World Wide Web. _nAccess may be limited to ebrary affiliated libraries. |
||
| 650 | 0 | _aProduction control. | |
| 650 | 0 | _aInventory control. | |
| 650 | 0 | _aQuality control. | |
| 655 | 7 |
_aElectronic books. _2local |
|
| 700 | 1 | _aZheng, Shaohui. | |
| 710 | 2 | _aebrary, Inc. | |
| 830 | 0 | _aSpringer series in operations research. | |
| 856 | 4 | 0 |
_uhttp://site.ebrary.com/lib/rucke/Doc?id=10047798 _zAn electronic book accessible through the World Wide Web; click to view |
| 999 |
_c77478 _d77478 |
||